000 00806nam a2200277Ia 4500
001 Para_4979
003 CHAP
008 220125s1910 xx 000 0 und d
010 _a203438
040 _cCHAP
090 _aPA FOLLETO 2341
100 _aSymons, B
_9110917
245 _aThe codling moth (Carpocapsa pomonella) /
_c B. Symons, and L. M. Peairs
260 _aCollege Park :
_b Maryland Agricultural College
300 _ap. 135-76
440 _aMaryland Agr. Exp. Sta. Bull; 142
_9169217
650 _aCarpocapsa pomonella Manzana
_x Plagas
_9167587
700 _aPeairs, L. M.
_9169218
901 _aPA FOLLETO 2341
902 _aA
905 _a0000001910 ck 0000000000 00
910 _a1910
942 _cPARA
942 _cPARA
_d1
999 _c203438
_d203438